00621nam a2200193 a 45000010005000000030009000050080041000140400028000550820015000831100113000982450054002112600061002653000009003266500013003356500017003486500014003656500018003796500030003979885CO-ViMGA141112s2004 ck r 000 u spa d aCO-ViMGAbspacCO-ViMGA04a323.4 S35a aMinisterio de Justicia y del Derecho : Dirección General de Políticas Juridicas y desarrollo Legislativo10aAcciones Populares y de Grupo : bLey 472 de 1998 aSantafé de Bogotá : bMinisterio de Justicia, c1998 a38p.14aCOLOMBIA14aCONFERENCIAS14aCONGRESOS14aDERECHO CIVIL14aPROTECCION DEL CONSUMIDOR